| 000 | 00752nam a22002292 4500 | ||
|---|---|---|---|
| 001 | 0000008788 | ||
| 005 | 20151021151115.0 | ||
| 008 | 080604s xx 000 0 eng d | ||
| 020 |
_a0333763653 : _cKES 4275 |
||
| 040 |
_aKABU _cKABU |
||
| 100 | 1 |
_aSodersten, Bo. _@0000159539 |
|
| 245 | 1 | 0 |
_aInternational economics / _cBo Sodersten and Geoffrey Reed. |
| 250 | _a3rd ed. | ||
| 260 |
_aLondon : _bMacmillan, _c1994. |
||
| 300 | _axl, 714 p. | ||
| 650 | 0 |
_aInternational economic relations. _@0000144571 |
|
| 700 | 1 |
_aReed, Geoffrey. _@0000159540 |
|
| 852 | 1 | _9p4275 KES | |
| 852 | 1 | _9p4275 KES | |
| 908 | _a080604 | ||
| 950 | _@1 | ||
| 999 |
_c764 _d764 |
||